000 00398nam a22001457a 4500
020 _a9780470646137
040 _cNUST
082 _a510.2462 KRE
100 _aKreyszig, Erwin
245 _aAdvanced Engineering Mathematics:
_bInternational Student Version
250 _aTenth Edition
260 _aHoboken:
_bJohn Wiley & Sons,
_c2011
650 _aEngineering Mathematics
942 _2ddc
_cTEXT
999 _c595352
_d595352